| 000 | 01680nam a22004337a 4500 | ||
|---|---|---|---|
| 003 | CHAP | ||
| 005 | 20220817044201.0 | ||
| 008 | 071025s2007 mx a r 00010 spa d | ||
| 010 | _a94088 | ||
| 011 | _a95060 | ||
| 035 | _a105664 | ||
| 040 | _cCHAP | ||
| 090 | _aTesis | ||
| 100 | 1 |
_aGómez Martínez, Erandi. _949798 |
|
| 245 | 1 | 0 |
_aControl in vitro de larvas de garrapatas (Boophilus microplus) con extracto de neem (Azadirachta indica) _c/por Erandi Gómez Martínez |
| 260 |
_aSan José Puyacatengo, Teapa Tab. : _bEl autor, _c2007 |
||
| 300 |
_a41 h. : _bilus. ; cuadros |
||
| 502 | _aTesis (Ing. Agr. Esp. en Zonas Tropicales) - - UACH. Dirección de Centros Regionales Centro Regional Universitario del Sureste | ||
| 530 | _aTambién disponible en línea | ||
| 590 |
_aALEPH _b10 _c20130110 _lUCH01 _h1520 |
||
| 590 |
_aBATCH-UPD _b10 _c20130110 _lUCH01 _h0750 |
||
| 590 |
_aBATCH-UPD _b10 _c20130410 _lUCH01 _h0430 |
||
| 590 |
_aBATCH-UPD _b10 _c20130914 _lUCH01 _h0340 |
||
| 590 |
_aBATCH-UPD _b10 _c20140324 _lUCH01 _h1504 |
||
| 590 |
_aBATCH-UPD _b10 _c20141002 _lUCH01 _h0835 |
||
| 590 |
_aCONVERSION _b10 _c20130109 _lUCH01 _h1352 |
||
| 650 | 1 | 4 |
_aAnimales domésticos _xParásitos. _95911 |
| 650 | 1 | 4 |
_aAzadirachta indica. _99047 |
| 650 | 1 | 4 | _aBoophilus microplus. |
| 650 | 1 | 4 |
_aGanado vacuno. _945425 |
| 650 | 1 | 4 |
_aGarrapatas. _946932 |
| 856 |
_3Finding aid _uhttp://10.13.5.2/tesis/105664.pdf _zTeclea aqui |
||
| 901 | _aBK | ||
| 905 | _aElisama A. H. | ||
| 911 | _aen proceso | ||
| 942 | _cFOLL | ||
| 949 |
_aTesis _bBC _cTES _d33724002034926 _eTS2 _fc.2 _gDonaciØn _h47169 _i105664 _st |
||
| 949 |
_aTesis _bBC _cTES _d33724002034967 _eTS1 _gDonaciØn _h47168 _i105664 _st |
||
| 999 |
_c94088 _d94088 |
||